| 000 | 00527nam a22001817a 4500 | ||
|---|---|---|---|
| 005 | 20240920142342.0 | ||
| 008 | 240919b |||||||| |||| 00| 0 eng d | ||
| 020 | _a978-93-89627-90-9 | ||
| 041 | _aeng | ||
| 082 | _a615 | ||
| 100 |
_aSUNDHARARAJAN, DR. R AND KUMUDHAVALLI, DR. M.V & HARDE, DR. MINAL _98540 |
||
| 245 | _aQUALITY ASSURANCE [B.PHARMA, 6TH SEMESTER] | ||
| 250 | _a1ST RE.PRINT ED. 2023 | ||
| 260 |
_aLUCKNOW _bTHAKUR PUBLICATION PVT.LTD |
||
| 300 | _a200;P | ||
| 650 |
_aPHARMACY _xB.PHARMA |
||
| 942 | _cBK | ||
| 999 |
_c8669 _d8667 |
||